| 000 | 00421nam a22001697a 4500 | ||
|---|---|---|---|
| 999 |
_c1467 _d1467 |
||
| 005 | 20210831120650.0 | ||
| 008 | 160523b xxu||||| |||| 00| 0 eng d | ||
| 020 | _a978-81-203-2581-4 | ||
| 041 | _aeng | ||
| 082 |
_b4386 _a004 |
||
| 100 |
_aRajaraman, V. _996 |
||
| 245 | _aFundamental of Computers | ||
| 260 |
_aNew Delhi _bAcademic Faundation |
||
| 300 | _a385 | ||
| 650 |
_aInformation Technology _9137 |
||
| 942 | _cBK | ||